| 000 | 01630nam a22003377a 4500 | ||
|---|---|---|---|
| 003 | OSt | ||
| 005 | 20201128024153.0 | ||
| 008 | 170713s2013 ua a fr f100 0 ara d | ||
| 017 | _a2013 / 13895 | ||
| 020 | _a9789777184472. | ||
| 040 |
_aEG-ScBUE _bara _cEG-ScBUE |
||
| 043 | _af-ua--- | ||
| 082 | 0 | 4 |
_222 _a338.962 _bم ؤ ت |
| 111 | 2 |
_aمؤتمر المستقبل الاقتصادي - الاجتماعي لمصر _d(2013 : _cالقاهرة، مصر) _98568 |
|
| 245 | 1 | 0 |
_aمؤتمر المستقبل الاقتصادي - الاجتماعي لمصر : _bإنقاذ الاقتصاد المصري .. نحو برنامج اقتصادي بديل / _cتقديم محمد حسنين هيكل، حمدين صباحي ؛ تحرير أحمد السيد النجار. |
| 260 |
_aالقاهرة : _bالمجلس الأعلى للثقافة، _c2013. |
||
| 300 |
_a426 ص. : _bإيض ؛ _c24 سم. |
||
| 504 | _aيشتمل على إرجاعات ببليوجرافية. | ||
| 590 | _aعلياء عادل | ||
| 650 | _2BUEsh | ||
| 651 | 7 |
_2BUEsh _aمصر _xسياسة اقتصادية _yقرن 21 _vمؤتمرات. |
|
| 651 | 7 |
_2BUEsh _aمصر _xسياسة اجتماعية _yقرن 21 _vمؤتمرات. |
|
| 651 | 7 |
_2BUEsh _aمصر _xأحوال اقتصادية _yقرن 21 _vمؤتمرات. |
|
| 651 | 7 |
_2BUEsh _aمصر _xأحوال اجتماعية _yقرن 21 _vمؤتمرات. |
|
| 653 |
_bBUSECO _cJune2017 |
||
| 655 |
_vReading book _934232 |
||
| 700 |
_91798 _aهيكل، محمد حسنين، _eمقدم. |
||
| 700 |
_aصباحي، حمدين، _eمقدم. |
||
| 700 |
_aنجار، أحمد السيد، _eمحرر. |
||
| 942 | _2ddc | ||
| 999 |
_c25044 _d25016 |
||